000 00441nam a22001817a 4500
999 _c6279
_d6277
005 20210906145516.0
008 200518b xxu||||| |||| 00| 0 eng d
020 _a9789384875077
041 _aeng
082 _a615.1 KER
100 _aSourabh Brajesh Yadav, Vimal
_96894
245 _aGENERAL PHARMACY
250 _a1'ST
260 _aModinagar UP
_bUnnati Publication
_c2019
300 _a208
650 _aPharmacy
_96895
942 _cBK